Регионална библиотека "Любен Каравелов" - Русе

Съчинения (Запис номер 490744)

MARC детайли
000 -Лидер
Контролно поле с фиксирана дължина 01334nam a2200313 a 4500
003 - Код на организацията, давaща контролен номер
Контролно поле BLK
005 - Дата и час на последна редакция
Контролно поле 20250313005554.0
008 - Елементи от данни с фиксирана дължина
fixed length control field 230502b bul|||||r ||||||| ||bul||
020 ## - Международен стандартен номер на книга ISBN
Международен стандартен номер на книга ISBN 9789540915999
040 ## - Източник на каталожния запис
Идентификатор на билиотеката - собственик на записа BLK
041 ## - Код за език
Код за езика на текст/звукозапис или на отделно заглавие Български
Код за езика КДБФ Български
080 ## - УДК
Текстов определител УДК Българска литература
УДК код - определител по УДК 821.163.2
УДК определител (081.1)
УДК - код + определител 821.163.2(081.1)
080 ## - УДК
Текстов определител УДК Литература
УДК код - определител по УДК 82
УДК определител -1.081
УДК - код + определител 82-1.081
100 1# - Редна дума - Автор
Автор Левчев, Любомир Спиридонов
Дати, свързани с автора 1935 - 2019
Автор - информация (биография) Поет, писател
R(LIN) 88160
139 ## - Редно поле
Редна дума Левчев, Любомир Спиридонов
Авторски знак Левс - Л 36
245 10 - Сведения за заглавието
Заглавие Съчинения
Подзаглавни данни В 9 т.
Редно поле (дума) Любомир Спиридонов Левчев.
Том Т. 5
Заглавие на том Опасната свобода
257 ## - Страна на издаване
Страна на създаване/издаване България
260 ## - Област на издателските данни
Година на издаване 2023
9 (RLIN) 209473
Място на издаване, разпространение и проч. София
Име на издателя, разпространителя и проч. Захарий Стоянов
Печатница София : Миг принт
Издателство - префикс ISBN 978-954-739- ; 978-954-09- ; 954-9559-
300 ## - Физическа характеристика
Размери/Мащаб 22 см
Страници 520 с.
380 ## - Жанр
Жанр Худож. лит.
760 1# - Описание на основната серия
Редна дума на основното описание Левчев, Любомир Спиридонов
Място на издаване, издател и година Захарий Стоянов, 2023
Страници - том 520 с.
Заглавие Т. 4 Опасната свобода
852 ## - Местоположение
Форматна сигнатура Цб 317695
Фондова буква Хранилище
856 4# - Електронен адрес и достъп
Електронен формат pdf - файл
Инструкция (цена за достъп) 0.00
Права за достъп disable
856 4# - Електронен адрес и достъп
Електронен формат pdf - файл
Инструкция (цена за достъп) 0.00
Права за достъп disable
999 ## - СИСТЕМНИ КОНТРОЛНИ НОМЕРА
Koha biblionumber 490744
Koha biblioitemnumber 490744
942 ## - АРТИКУЛИ
Вид на библиотечния материал Книги
Скрит в OPAC Не
Периодичен библиозапис Да
944 ## - СЪЗДАВАНЕ И РЕДАКЦИЯ на ЗАПИСА
Създаване/Редакция Създаване
Дата на регистрацията/редакция 2023-05-02
Служител, извършил регистрацията/редакцията
Статус, дата на статуса CRON CRON
944 ## - СЪЗДАВАНЕ И РЕДАКЦИЯ на ЗАПИСА
Създаване/Редакция Редакция
Дата на регистрацията/редакция 2023-05-05
Служител, извършил регистрацията/редакцията ВП
999 ## - СИСТЕМНИ КОНТРОЛНИ НОМЕРА
Koha biblioitemnumber 490744
Наличности
Код за отписване Код за изгубен артикул Източник на класификационната схема Код за повреда Коз за рестрикции Код за отдаване Артикулен № Име на библиотеката - собственик Име на библиотеката, в която се намира в момента Статус (Текущо местоположение) Дата на вписване в системата Местоположение - отдел Цена в лева Инвентарен номер Систематично азбучна сигнатура Баркод Цена в евро Служебен тип на артикула
  Не е изгубен Universal Decimal Classification Не е повреден без рестрикции заемане за дома 927630 Регионална библиотека "Любен Каравелов" Русе Регионална библиотека "Любен Каравелов" Русе Заемна - подръчен фонд 2023-05-02 Заемна - подръчен фонд 24.49 120000886796 821.163.2(091)/Л 36 Л 120000886796 12.52 Книги
  Не е изгубен Universal Decimal Classification Не е повреден без рестрикции заемане за дома 927631 Регионална библиотека "Любен Каравелов" Русе Регионална библиотека "Любен Каравелов" Русе Заемна - подръчен фонд 2023-05-02 Заемна - подръчен фонд 24.49 120000886797 821.163.2(091)/Л 36 Л 120000886797 12.52 Книги
  Не е изгубен Universal Decimal Classification Не е повреден само за читалня ползва се в читалня 928225 Регионална библиотека "Любен Каравелов" Русе Регионална библиотека "Любен Каравелов" Русе Хранилище 2023-05-10 Хранилище 35.00 120000887397 Цб 317695 120000887397 17.90 Книги
Vip Innovations Ltd, Rousse, Bulgaria 2025